Kabale University Library Catalogue

Garth Boomer, English teaching and curriculum leadership / (Record no. 6233)

MARC details
000 -LEADER
fixed length control field 00720cam a22002178i 4500
003 - CONTROL NUMBER IDENTIFIER
control field OSt
005 - DATE AND TIME OF LATEST TRANSACTION
control field 20260701125138.0
008 - FIXED-LENGTH DATA ELEMENTS--GENERAL INFORMATION
fixed length control field 240505s2024 enk b 001 0beng
020 ## - INTERNATIONAL STANDARD BOOK NUMBER
International Standard Book Number 9781032449951
Qualifying information (hardback)
020 ## - INTERNATIONAL STANDARD BOOK NUMBER
International Standard Book Number 9781032449920
Qualifying information (paperback)
020 ## - INTERNATIONAL STANDARD BOOK NUMBER
Canceled/invalid ISBN 9781003374886
Qualifying information (ebook)
040 ## - CATALOGING SOURCE
Original cataloging agency KABLIB
Language of cataloging eng
Description conventions rda
Transcribing agency KABLIB
082 00 - DEWEY DECIMAL CLASSIFICATION NUMBER
Classification number 420.92
Edition number 23
Item number GRE
100 1# - MAIN ENTRY--PERSONAL NAME
Personal name Green, Bill
9 (RLIN) 15850
245 10 - TITLE STATEMENT
Title Garth Boomer, English teaching and curriculum leadership /
Statement of responsibility, etc. Bill Green.
264 #1 - PRODUCTION, PUBLICATION, DISTRIBUTION, MANUFACTURE, AND COPYRIGHT NOTICE
Place of production, publication, distribution, manufacture New York, NY :
Name of producer, publisher, distributor, manufacturer Routledge,
Date of production, publication, distribution, manufacture, or copyright notice c2025
300 ## - PHYSICAL DESCRIPTION
Extent xiii,110 p. :
Dimensions 23 cm
490 0# - SERIES STATEMENT
Series statement Key thinkers in English in education and the language arts
504 ## - BIBLIOGRAPHY, ETC. NOTE
Bibliography, etc. note Includes bibliographical references, index.
942 ## - ADDED ENTRY ELEMENTS (KOHA)
Source of classification or shelving scheme Dewey Decimal Classification
Koha item type Book
Holdings
Withdrawn status Lost status Source of classification or shelving scheme Damaged status Not for loan Home library Current library Shelving location Date acquired Total Checkouts Full call number Barcode Date last seen Price effective from Koha item type
    Dewey Decimal Classification     Education Library Education Library Open Access Section 01.07.2026   420.92 GRE 14935 01.07.2026 01.07.2026 Book
    Dewey Decimal Classification     Education Library Education Library Open Access Section 01.07.2026   420.92 GRE 14936 01.07.2026 01.07.2026 Book

Kabale University Library | Kabale University P.O Box 317, Kabale, Uganda
Tel : +256754017033, +256774661503 E-mail : library@kab.ac.ug